Normal view
MARC view
- Davis,H A.
Entry Personal Name
001 - CONTROL NUMBER
- control field: 4360
003 - CONTROL NUMBER IDENTIFIER
- control field: OSt
005 - DATE AND TIME OF LATEST TRANSACTION
- control field: 20191022203904.0
008 - FIXED-LENGTH DATA ELEMENTS
- fixed length control field: 191022|| aca||aabn | a|a d
040 ## - CATALOGING SOURCE
- Original cataloging agency: OSt
- Transcribing agency: OSt
100 ## - HEADING--PERSONAL NAME
- Personal name: Davis,H A.
670 ## - SOURCE DATA FOUND
- Source citation: Work cat.: (OSt): Davis,H A., An Outline History of World
